000 00315nam a2200133Ia 4500
100 _aTokheim/R.L
942 _cBK
654 _aMicropressers Fundamentals
245 _aMicroprocessors Fundamentals
260 _bMcGraw Hill.( Schaum''s)
_aSingapore
_c1986
082 _a621.3
300 _a378
546 _aENGLISH
999 _c34113
_d34113